|
|
|
|
| LEADER |
00000nab a2200000 a 4500 |
| 001 |
vtls000696089 |
| 003 |
SK-MaSNL |
| 005 |
20260304225030.0 |
| 008 |
250425c1999 xo 0 slo |
| 015 |
|
|
|a SNBRB1999/09-18975
|
| 035 |
|
|
|a CLN000048256
|
| 035 |
|
|
|a urn:nbn:sk:snk-abbspc
|
| 035 |
|
|
|a (urnnbn)urn:nbn:sk:snk:ar-003k1f
|
| 035 |
|
|
|a (uuid)2945f914-0433-485e-855c-2ca426f4fa4b
|
| 040 |
|
|
|a SNKBUCL
|b slo
|c SNKBUCL
|e AACR2
|
| 041 |
0 |
|
|a slo
|
| 044 |
|
|
|a xo
|c SK
|
| 080 |
|
|
|a 801-051
|2 1997
|
| 080 |
|
|
|a 800:301
|2 1997
|
| 080 |
|
|
|a 301:800
|2 1997
|
| 100 |
1 |
|
|a Ondrejovič, Slavomír,
|d 1946-
|4 aut
|9 92874
|
| 245 |
1 |
0 |
|a Eugen Pauliny ako sociolingvista
|c Slavo Ondrejovič
|
| 500 |
|
|
|a Poznámky pod čiarou
|
| 504 |
|
|
|a Res. angl.
|
| 504 |
|
|
|a Bibliogr. odkazy
|
| 600 |
1 |
7 |
|a Pauliny, Eugen,
|d 1912-1983
|2 snkbucl
|9 101485
|
| 650 |
0 |
7 |
|a sociolingvistika
|2 SNK
|9 869
|
| 655 |
|
7 |
|a články z novín a časopisov
|2 snkbucl
|9 267496
|
| 773 |
0 |
|
|t Slovenská reč
|g Roč. 64, č. 2 (1999), s. 65-83
|
| 850 |
|
|
|a Slovenská národná knižnica
|
| 852 |
|
|
|a Slovenská národná knižnica
|
| 954 |
|
|
|a odborná, vedecká literatúra pôvodná (slovenská)
|2 lita
|
| 958 |
|
|
|a article15
|
| 958 |
|
|
|a SK
|
| 958 |
|
|
|a NB
|
| 958 |
|
|
|a OND
|
| 958 |
|
|
|a EUIPO
|
| 992 |
|
|
|a RBX
|
| 999 |
|
|
|c 3175321
|d 3177251
|